FAO legislative study; N70 Water rights administration: experience, issues and guidelines

Gespeichert in:
Bibliographische Detailangaben
1. Verfasser: Hector Garduno Velasco
Format: Buch
Sprache:Undetermined
Veröffentlicht: Rome FAO 2000
Schlagworte:
Tags: Tag hinzufügen
Keine Tags, Fügen Sie den ersten Tag hinzu!
Thư viện lưu trữ: Trung tâm Học liệu Trường Đại học Cần Thơ
LEADER 00588nam a2200193Ia 4500
001 CTU_42740
008 210402s9999 xx 000 0 und d
082 |a 340 
082 |b F218/N70 
100 |a Hector Garduno Velasco 
245 0 |a FAO legislative study; N70 
245 0 |b Water rights administration: experience, issues and guidelines 
245 0 |c Hector Garduno Velasco, FAO 
260 |a Rome 
260 |b FAO 
260 |c 2000 
650 |a environmental protection 
904 |i Nguyễn Quang Điền, 010704 
980 |a Trung tâm Học liệu Trường Đại học Cần Thơ